| 000 | 00511nam a22001810 4500 | ||
|---|---|---|---|
| 003 | PILC | ||
| 005 | 20150824121724.0 | ||
| 008 | 970605 | ||
| 050 |
_aBF 1791 _b.Eb73 1968 |
||
| 100 | 1 | _aEbon, Martin. | |
| 245 | 1 | 0 |
_aProphecy in our time / _cMartin Ebon. |
| 260 |
_aCalifornia : _bWilshire Book, _c1968. |
||
| 300 |
_a240 pages ; _c21 cm. |
||
| 500 | _aIncludes bibliographical references and index. | ||
| 650 | _aProphecies. | ||
| 650 | _aVisions. | ||
| 942 |
_2lcc _cBK _kFOR |
||
| 999 |
_c288449 _d288449 |
||